Top 5 European Leagues Top Clean Sheets: 2020/21 - Statistics

General Stats
  • This quiz has been taken 5 times
  • The average score is 17 of 31
Answer Stats
League Clean Sheets Club Nationality Player % Correct
Premier League 11 Arsenal Germany Bernd Leno
100%
Premier League 19 Manchester City Brazil Ederson
100%
Premier League 16 Chelsea Senegal Edouard Mendy
100%
Premier League 15 Aston Villa Argentina Emiliano Martinez
100%
Premier League 12 Tottenham France Hugo Lloris
100%
La Liga 18 Atletico Madrid Slovenia Jan Oblak
100%
Premier League 11 Leicester Denmark Kasper Schmeichel
100%
Ligue 1 16 PSG Costa Rica Keylor Navas
100%
Bundesliga 9 Bayern Munich Germany Manuel Neuer
100%
La Liga 11 Barcelona Germany Marc-Andre ter Stegen
100%
La Liga 17 Real Madrid Belgium Thibaut Courtois
100%
Serie A 14 Milan Italy Gianluigi Donnarumma
80%
Bundesliga 15 Leipzig Hungary Peter Gulacsi
80%
La Liga 15 Sevilla Morocco Yassine Bounou
80%
Bundesliga 14 Wolfsburg Belgium Koen Casteels
60%
Serie A 8 Napoli Colombia David Ospina
40%
Premier League 11 Leeds France Illan Meslier
40%
Ligue 1 21 Lille France Mike Maignan
40%
Premier League 11 Burnley England Nick Pope
40%
Serie A 9 Lazio Spain Pepe Reina
40%
Serie A 15 Inter Slovenia Samir Handanovic
40%
La Liga 14 Real Sociedad Spain Alex Remiro
20%
Ligue 1 11 Lyon Portugal Anthony Lopes
20%
Bundesliga 9 Bayer Leverkusen Finland Lukas Hradecky
20%
Bundesliga 11 Arminia Bielefeld Germany Stefan Ortega
20%
Serie A 8 Fiorentina Poland Bartlomiej Dragowski
0%
Ligue 1 13 Monaco France Benjamin Lecomte
0%
Ligue 1 14 Bordeaux France Benoit Costil
0%
Serie A 8 Udinese Argentina Juan Musso
0%
Serie A 8 Genoa Italy Mattia Perin
0%
Serie A 10 Atalanta Italy Pierluigi Gollini
0%
No matching quizzes found
Score Distribution
Percent of People with Each Score
Percentile by Number Answered
Your Score History
You have not taken this quiz